000 01260nam a2200313Ia 4500
001 ebr10387202
003 CaPaEBR
006 m u
007 cr cn|||||||||
008 091102s2010 nyua sb 001 0 eng d
010 _z 2009044569
020 _z9780814413937
040 _aCaPaEBR
_cCaPaEBR
035 _a(OCoLC)649008789
050 1 4 _aHD66
_b.M5438 2010eb
082 0 4 _a658.4/022
_222
100 1 _aMiller, Brian Cole,
_d1956-
245 1 0 _aNice teams finish last
_h[electronic resource] :
_bthe secret to unleashing your team's maximum potential /
_cBrian Cole Miller.
260 _aNew York :
_bAmerican Management Association,
_c2010.
300 _axii, 209 p. :
_bill.
504 _aIncludes bibliographical references and index.
533 _aElectronic reproduction.
_bPalo Alto, Calif. :
_cebrary,
_d2010.
_nAvailable via World Wide Web.
_nAccess may be limited to ebrary affiliated libraries.
650 0 _aTeams in the workplace.
650 0 _aCommunication in organizations.
650 0 _aInterpersonal communication.
655 7 _aElectronic books.
_2local
710 2 _aebrary, Inc.
856 4 0 _uhttp://site.ebrary.com/lib/rucke/Doc?id=10387202
_zAn electronic book accessible through the World Wide Web; click to view
999 _c205528
_d205528